000 00358 a2200157 4500
001 68051
020 _a9783125570054
040 _cAnchieta - Pituba
100 _aWagner, Andrea Maria
240 1 0 _aBlinder passagier
_ldeu / ger
245 1 0 _aBlinder passagier
300 _a32
362 0 _a2009
650 4 _aLiteratura juvenil em alemão
942 _cBK
999 _c68051
_d68051